Stati con più Cristiani in Africa - Statistics

Statistiche generali
  • Questo quiz è stato fatto 23 volte
  • Il punteggio medio è 8 su 10
Statistiche sulle risposte
Cristiani (in numeri assoluti) Stato % Corretto
52 580 000 Etiopia
100%
40 243 000 Sudafrica
100%
72 881 000 Nigeria
90%
34 774 000 Kenya
85%
63 150 000 Repubblica Democratica del Congo
85%
15 228 000 Tanzania
85%
19 300 000 Ghana
75%
29 943 000 Uganda
65%
17 094 000 Angola
60%
13 390 000 Camerun
55%
Nessun quiz corrispondente trovato
Distribuzione punteggi
Percentuale di utenti per punteggio
Percentile per numero di risposta
I tuoi punteggi nel tempo
Non hai fatto questo quiz